000
00242nam a2200097Ia 4500
001
958157
005
20250826215858.0
008
250824s9999 xx 000 0 und d
245
0
_a
PİRİ TÜRKİSTAN
_c
YILMAZ ÖKSÜZ
260
_b
KETEBE YAYINLARI
999
_c
958157
_d
958157